| 000 | 01007cam a22003011a 4500 | ||
|---|---|---|---|
| 999 |
_c528996 _d528996 |
||
| 001 | 8835665 | ||
| 003 | NUST | ||
| 005 | 20190918102930.0 | ||
| 008 | 811210s1948 dcua f000 0 eng | ||
| 010 | _a 50060146 | ||
| 035 | _a(OCoLC)7987334 | ||
| 038 | _aMSOHAIL | ||
| 040 |
_aDLC _cMWP _dOCoLC _dDLC |
||
| 050 | 0 | 0 |
_aTL521 _b.A374 no. 85 |
| 051 |
_aS599.U5 _bF7 |
||
| 082 | _a0 | ||
| 100 | 1 |
_aFrost, Robert E. _920848 |
|
| 245 | 1 | 0 |
_aAirphoto patterns of soils of the western United States / _cby Robert E. Frost and K.B. Woods. |
| 260 |
_aWashington : _bGovt. print. off., _c1948. |
||
| 300 |
_avii, 76 p. : _bill. ; _c26 cm. |
||
| 490 | 0 |
_aU. S. Civil Aeronautics Administration. Technical development report ; _vno. 85 |
|
| 650 | 0 |
_aSoils _zWest (U.S.) _920849 |
|
| 650 | 0 |
_aPhysical geography _zWest (U.S.) _920850 |
|
| 650 | 0 |
_aAerial photography. _920851 |
|
| 700 | 1 |
_aWoods, K. B. _q(Kenneth Brady), _d1905- _920852 |
|
| 906 |
_a7 _bcbc _coclcrpl _du _encip _f19 _gy-gencatlg |
||
| 942 |
_2ddc _cBK |
||